Borský Mikuláš a jeho vzbura proti totalite

Bibliographic Details
Main Author: Mikulka, Ján (Author)
Format: Article
Language:Slovak
PhysicalDescription:Fotogr.
ISBN:8070903945
Subjects:

MARC

LEADER 00000nab a2200000 ar4500
001 vtls009143396
003 SK-MaSNL
005 20260304034337.0
008 070925c1996 xo |r|p|||||||000 b|slo
015 |a SNBRB2007/09  |2 snkbucl 
038 |a SNKBUCL 
040 |a SNKBUCL  |b slo  |c SNKBUCL  |e AACR2 
041 0 |a slo 
044 |a xo  |c SK 
080 |a 94(437.6)  |2 1997 
100 1 |a Mikulka, Ján  |4 aut  |9 772828 
245 1 0 |a Borský Mikuláš a jeho vzbura proti totalite  |c Ján Mikulka 
300 |b Fotogr. 
650 0 7 |a dejiny obcí  |2 SNKPH  |9 164834 
651 7 |a Borský Mikuláš (Slovensko)  |2 snkbucl  |9 84425 
773 0 |t Národný kalendár 1997  |d Martin : Matica slovenská, 1996  |g S. 216-219  |z 8070903945 
852 |a SNK  |b KIS3GCP 
958 |a SK 
999 |c 2652575  |d 2654505